Python 3 Object Oriented Programming /

If you feel it's time you learned object-oriented programming techniques, this is the perfect book for you. Clearly written with practical exercises, it's the painless way to learn how to harness the power of OOP in Python. Learn how to do Object Oriented Programming in Python using this s...

Full description

Bibliographic Details
Main Author: Phillips, Dusty (Author)
Corporate Author: Safari, an O'Reilly Media Company
Format: eBook
Language:English
Published: Packt Publishing, 2010.
Edition:1st edition.
Subjects:
Online Access:Connect to this electronic resource

MARC

Tag First Indicator Second Indicator Subfields
LEADER 00000uam a2200000 a 4500
001 in00004259642
005 20260128225551.5
006 m o d
007 cr cn
008 120613s2010 xx o eng
020 |z 9781849511261 
020 |z 9781849511278 
035 |a (CaSebORM)9781849511261 
040 |d UtOrBLW 
041 0 |a eng 
100 1 |a Phillips, Dusty,  |e author.  |0 http://id.loc.gov/authorities/names/no2014131244 
245 1 0 |a Python 3 Object Oriented Programming /  |c Phillips, Dusty. 
250 |a 1st edition. 
264 1 |b Packt Publishing,  |c 2010. 
300 |a 1 online resource (404 pages) 
336 |a text  |b txt  |2 rdacontent 
337 |a computer  |b c  |2 rdamedia 
338 |a online resource  |b cr  |2 rdacarrier 
347 |a text file 
520 |a If you feel it's time you learned object-oriented programming techniques, this is the perfect book for you. Clearly written with practical exercises, it's the painless way to learn how to harness the power of OOP in Python. Learn how to do Object Oriented Programming in Python using this step-by-step tutorial Design public interfaces using abstraction, encapsulation, and information hiding Turn your designs into working software by studying the Python syntax Raise, handle, define, and manipulate exceptions using special error objects Implement Object Oriented Programming in Python using practical examples In Detail Object Oriented Programming is a very important aspect of modern programming languages. The basic principles of Object Oriented Programming are relatively easy to learn. Putting them together into working designs can be challenging. This book makes programming more of a pleasure than a chore using powerful Python 3 object-oriented features of Python 3. It clearly demonstrates the core OOP principles and how to correctly implement OOP in Python. Object Oriented Programming ranks high in importance among the many models Python supports. Yet, many programmers never bother learning the powerful features that make this language object oriented. The book teaches when and how OOP should be correctly applied. It emphasizes not only the simple syntax of OOP in Python, but also how to combine these objects into well-designed software. This book will introduce you to the terminology of the object-oriented paradigm, focusing on object-oriented design with step-by-step examples. It will take you from simple inheritance, one of the most useful tools in the object-oriented programmer's toolbox, all the way through to cooperative inheritance, one of the most complicated. You will be able to raise, handle, define, and manipulate exceptions. You will be able to integrate the object-oriented and the not-so-object-oriented aspects of Python. You will also be able to create maintainable applications by studying higher level design patterns. You'll learn the complexities of string and file manipulation, and how Python distinguishes between binary and textual data. Not one, but two very powerful automated testing systems will be introduced to you. You'll understand the joy of unit testing and just how easy they are to create. You'll even study higher level libraries such as database connectors and GUI toolkits and how they apply object-oriented principles... 
533 |a Electronic reproduction.  |b Boston, MA :  |c Safari,  |n Available via World Wide Web. 
538 |a Mode of access: World Wide Web. 
542 |f Copyright © 2011 Packt Publishing 
588 |a Online resource; Title from title page (viewed July 26, 2010) 
500 |a Electronic resource. 
655 7 |a Electronic books.  |2 local 
710 2 |a Safari, an O'Reilly Media Company. 
856 4 0 |u https://proxy.library.tamu.edu/login?url=https://go.oreilly.com/TAMU/library/view/-/9781849511261/?ar  |z Connect to this electronic resource  |t 0 
999 f f |s 5f5abd90-3dcd-37e6-a8e9-426d2530f22d  |i e9290d54-1ade-3cc0-b877-74e5576a5b07  |t 0 
952 f f |a Texas A&M University  |b College Station  |c Electronic Resources  |s www_evans  |d Available Online  |t 0  |h No information provided 
998 f f |t 0  |l Available Online